| 000 | 00654nam a2200217 i 4500 | ||
|---|---|---|---|
| 001 | 30598 | ||
| 003 | ES-MaACL | ||
| 005 | 20230906154224.0 | ||
| 007 | t| | ||
| 008 | 030127m19651970sp |||| | spa d | ||
| 100 | 1 |
_aBastos Mora, Felipe. _926383 |
|
| 245 | 1 | 0 |
_aCirugía de la parálisis / _cpor F. Bastos Mora, Juan González Aguilar, Julio Arranz Bayod. |
| 250 | _a1ª ed. | ||
| 260 |
_aBarcelona : _bJims, _c[1965-70] |
||
| 300 |
_a2 v. : _bil. ; _c26 cm. |
||
| 505 | 8 | _aContiene: v. 1-2 | |
| 650 | 4 |
_aParálisis. _9148549 |
|
| 700 | 1 |
_aGonzález Aguilar, Juan. _958399 |
|
| 700 | 1 |
_aArranz Bayod, Julio. _923221 |
|
| 852 |
_aES-MaACL _jP-479-Ter |
||
| 999 |
_c30598 _d30598 |
||